000 01333nam a22003617a 4500
003 CHAP
005 20220329134146.0
008 971013s1994 r 00010 d
010 _a16318
011 _a17290
035 _a21373
040 _cCHAP
090 _aTesis
100 0 0 _aHernández Loma, Raymundo.
_954229
245 _aPlaneación regional generación de un patrón óptimo de cultivos en el DDR 003 de Martínez de la Torre, Veracruz
260 _aChapingo, Méx. :
_bEl autor,
_c1994
300 _a100 h.
_e+ anexo
502 _aTesis (Ing. Agr. Esp. en Economía Agrícola) -- UACH. Departamento de Economía Agrícola
590 _aALEPH
_b10
_c20130110
_lUCH01
_h1239
590 _aBATCH-UPD
_b10
_c20130110
_lUCH01
_h0010
590 _aBATCH-UPD
_b10
_c20130110
_lUCH01
_h2033
590 _aBATCH-UPD
_b10
_c20130409
_lUCH01
_h1947
590 _aBATCH-UPD
_b10
_c20130410
_lUCH01
_h1349
590 _aBATCH-UPD
_b10
_c20130914
_lUCH01
_h1117
590 _aCONVERSION
_b10
_c20130109
_lUCH01
_h1310
650 1 4 _aCultivos
_xVeracruz.
_930337
650 1 4 _aDistrito de Desarrollo Rural de Martínez de la Torre, Ver.
_932780
650 1 4 _aPlaneación regional
_xVeracruz.
_988724
650 1 4 _aPolítica agrícola
_xVeracruz.
_990375
901 _aBK
942 _cTESIS
949 _bBC
_cTES
_d-49765
_eTS1
_h26814
_i21373
_si
999 _c16318
_d16318